|
|
|
|
| LEADER |
01105nam a2200313 a 4500 |
| 001 |
EBC3011564 |
| 003 |
MiAaPQ |
| 005 |
20200520144314.0 |
| 006 |
m o d | |
| 007 |
cr cn||||||||| |
| 008 |
101209s2008 ii s 001 0 eng d |
| 020 |
|
|
|z 9788189473259
|
| 035 |
|
|
|a (MiAaPQ)EBC3011564
|
| 035 |
|
|
|a (Au-PeEL)EBL3011564
|
| 035 |
|
|
|a (CaPaEBR)ebr10417398
|
| 035 |
|
|
|a (CaONFJC)MIL280584
|
| 035 |
|
|
|a (OCoLC)923634761
|
| 040 |
|
|
|a MiAaPQ
|c MiAaPQ
|d MiAaPQ
|
| 050 |
|
4 |
|a HF5415.332.C45
|b B36 2008
|
| 100 |
1 |
|
|a Bansal, S. K.
|
| 245 |
1 |
0 |
|a Teleadvertising and children
|h [electronic resource] /
|c S.K. Bansal.
|
| 260 |
|
|
|a Jaipur, India :
|b Oxford Book Co.,
|c 2008.
|
| 300 |
|
|
|a 319 p.
|
| 500 |
|
|
|a Includes index.
|
| 533 |
|
|
|a Electronic reproduction. Ann Arbor, MI : ProQuest, 2015. Available via World Wide Web. Access may be limited to ProQuest affiliated libraries.
|
| 650 |
|
0 |
|a Television advertising and children.
|
| 655 |
|
4 |
|a Electronic books.
|
| 710 |
2 |
|
|a ProQuest (Firm)
|
| 856 |
4 |
0 |
|u https://ebookcentral.proquest.com/lib/matrademy/detail.action?docID=3011564
|z Click to View
|